000 01319nam a22002537a 4500
003 SEM
005 20251023105637.0
008 251015s2025 ai ||||gr||||||01|0|arm|d
020 _a9789939593487
040 _aSEM
_cSEM
041 _aarm
082 _a281.62(09)/Հ-42
100 _aՀարությունյան, Ավագ
_q(Harutyunyan, Avag)
245 _aԵկեղեցի - պետություն փոխհարաբերությունը Խորհրդային Հայաստանում 1920-1930-ական թվականներին /
_cԱ․ Հարությունյան ; Կաթողիկոսություն Ամենայն Հայոց
246 _aChurch - state relationship in Soviet Armenia in the 1920 s-1930 s /
246 _aЦерковно - государственные отношения в советской Армении в 1920-1930-x годах /
260 _aՍ․ էջմիածին ։
_bՄայր Աթոռ Սուրբ Էջմիածնի հրատ․,
_c2025․
300 _a239 էջ ;
_bնկ․ ;
_c23 սմ
650 _aՀայ եկեղեցու պատմություն
651 _aԵկեղեցի
_xպետություն
_xփոխհարաբերություն
_zԽորհրդային Հայաստան
653 _aՍԷՄ
710 _aԿաթողիկոսություն Ամենայն Հայոց
942 _2ddc
_cBK
_n0
999 _c77068
_d77068